<?xml version="1.0" encoding="UTF-8"?>
<record
    xmlns:xsi="http://www.w3.org/2001/XMLSchema-instance"
    xsi:schemaLocation="http://www.loc.gov/MARC21/slim http://www.loc.gov/standards/marcxml/schema/MARC21slim.xsd"
    xmlns="http://www.loc.gov/MARC21/slim">

  <leader>00961nab a2200205 i 4500</leader>
  <controlfield tag="001">BPP</controlfield>
  <controlfield tag="003">BPK</controlfield>
  <controlfield tag="005">20191005125034.0</controlfield>
  <controlfield tag="008">      s        pl     f     |000 pol  </controlfield>
  <datafield tag="040" ind1=" " ind2=" ">
    <subfield code="c">BPK</subfield>
  </datafield>
  <datafield tag="041" ind1=" " ind2=" ">
    <subfield code="a">eng</subfield>
  </datafield>
  <datafield tag="100" ind1=" " ind2=" ">
    <subfield code="a">Mali&#x144;ski, Miros&#x142;aw</subfield>
    <subfield code="e">Autor</subfield>
    <subfield code="d">1996 - .</subfield>
    <subfield code="b">Politechnika Koszali&#x144;ska - Wydzia&#x142; Elektroniki,</subfield>
    <subfield code="c">Katedra Elektroniki Cia&#x142;a Sta&#x142;ego</subfield>
  </datafield>
  <datafield tag="245" ind1=" " ind2=" ">
    <subfield code="a">Photoacoustic determination of thermal parameters of layers in front and rear surface illumination methods /</subfield>
    <subfield code="c">Miros&#x142;aw Mali&#x144;ski, Leszek Bychto.</subfield>
  </datafield>
  <datafield tag="260" ind1=" " ind2=" ">
    <subfield code="c">1997.</subfield>
  </datafield>
  <datafield tag="500" ind1=" " ind2=" ">
    <subfield code="a">Dane z bibliografii za&#x142;&#x105;cznikowej.</subfield>
  </datafield>
  <datafield tag="500" ind1=" " ind2=" ">
    <subfield code="a">sprawozdanie jednostki (Informator o publikowanych wynikach prac naukowo-badawczych w 2002 roku Wydzia&#x142;u Elektroniki).</subfield>
  </datafield>
  <datafield tag="773" ind1=" " ind2=" ">
    <subfield code="i">W :</subfield>
    <subfield code="t">Molec. &amp; Quantum Acoustics. -</subfield>
    <subfield code="g">1997, Vol. 18, s. 169-177</subfield>
  </datafield>
  <datafield tag="700" ind1=" " ind2=" ">
    <subfield code="a">BYCHTO, Leszek.</subfield>
    <subfield code="d">1996 - .</subfield>
    <subfield code="b">Politechnika Koszali&#x144;ska - Wydzia&#x142; Elektroniki,</subfield>
    <subfield code="c">Katedra Elektroniki Cia&#x142;a Sta&#x142;ego</subfield>
  </datafield>
  <datafield tag="942" ind1=" " ind2=" ">
    <subfield code="c">ART</subfield>
    <subfield code="2">UKD</subfield>
  </datafield>
  <datafield tag="999" ind1=" " ind2=" ">
    <subfield code="c">50</subfield>
    <subfield code="d">50</subfield>
  </datafield>
</record>
